5HLuxD.jpg

KING HENRY VIII SENIOR AND PRIMARY SCHOOL LIBRARY OPAC

French grammar drills / (Record no. 277)

000 -LEADER
fixed length control field 03024cam a2200529 i 4500
001 - CONTROL NUMBER
control field 20945016
003 - CONTROL NUMBER IDENTIFIER
control field OSt
005 - DATE AND TIME OF LATEST TRANSACTION
control field 20190805094002.0
008 - FIXED-LENGTH DATA ELEMENTS--GENERAL INFORMATION
fixed length control field 190423s2018 nyu 000 0 eng d
010 ## - LIBRARY OF CONGRESS CONTROL NUMBER
LC control number 2019296656
020 ## - INTERNATIONAL STANDARD BOOK NUMBER
International Standard Book Number 1260116212
020 ## - INTERNATIONAL STANDARD BOOK NUMBER
International Standard Book Number 9781260116212
035 ## - SYSTEM CONTROL NUMBER
System control number (OCoLC)on1010777419
040 ## - CATALOGING SOURCE
Original cataloging agency YDX
Language of cataloging eng
Transcribing agency YDX
Description conventions rda
Modifying agency BDX
-- GK8
-- IMT
-- TME
-- GK8
-- OCLCQ
-- OCL
-- SHS
-- TJ7
-- DLC
041 0# - LANGUAGE CODE
Language code of text/sound track or separate title fre
-- eng
042 ## - AUTHENTICATION CODE
Authentication code lccopycat
082 04 - DEWEY DECIMAL CLASSIFICATION NUMBER
Classification number 448.2 KUR
Edition number 23
100 1# - MAIN ENTRY--PERSONAL NAME
Personal name Kurbegov, Eliane,
Relator term author.
245 10 - TITLE STATEMENT
Title French grammar drills /
Statement of responsibility, etc. Eliane Kurbegov.
250 ## - EDITION STATEMENT
Edition statement Third edition.
264 #1 - PRODUCTION, PUBLICATION, DISTRIBUTION, MANUFACTURE, AND COPYRIGHT NOTICE
Place of production, publication, distribution, manufacture New York :
Name of producer, publisher, distributor, manufacturer McGraw-Hill Education,
Date of production, publication, distribution, manufacture, or copyright notice [2018]
300 ## - PHYSICAL DESCRIPTION
Extent viii, 312 pages ;
Dimensions 28 cm
336 ## - CONTENT TYPE
Content type term text
Content type code txt
Source rdacontent
337 ## - MEDIA TYPE
Media type term unmediated
Media type code n
Source rdamedia
338 ## - CARRIER TYPE
Carrier type term volume
Carrier type code nc
Source rdacarrier
500 ## - GENERAL NOTE
General note Previous edition: 2012.
505 2# - FORMATTED CONTENTS NOTE
Formatted contents note Part 1. Articles and adjectives -- Part 2. Plurals, quantity, and partitive articles -- Part 3. Adjectives -- Part 4. Adverbs -- Part 5. Subject, stressed, and object pronouns -- Part 6. Possessive, demonstrative, and interrogative pronouns -- Part 7. Relative pronouns -- Part 8. Prepositions and conjunctions -- Part 9. Basic verbal structures -- Part 10. Other verbal structures -- Final review.
520 ## - SUMMARY, ETC.
Summary, etc. "When it comes to learning grammar, the best way is to Just Do It! For learning grammar, you'll find the most success in retaining your skills through drills, drills, and more drills. French Grammar Drills reinforces your knowledge and enhance your ability to read, write, and speak in French. This book introduces essential grammar concepts, with practical examples to demonstrate their correct usage. You will flex your grammar muscle with the exercises included in each section. Inside this new edition you'll find: more than 200 exercises accompanied by an answer key; authentic examples to show you correct grammar usage; and, new review sections that will bring you up to speed on grammar."--Publisher's description.
546 ## - LANGUAGE NOTE
Language note In French and English.
650 #0 - SUBJECT ADDED ENTRY--TOPICAL TERM
Topical term or geographic name entry element French language
General subdivision Grammar
Form subdivision Problems, exercises, etc.
650 #0 - SUBJECT ADDED ENTRY--TOPICAL TERM
Topical term or geographic name entry element French language
Form subdivision Textbooks for foreign speakers
General subdivision English.
650 #0 - SUBJECT ADDED ENTRY--TOPICAL TERM
Topical term or geographic name entry element French language
Form subdivision Self-instruction.
650 #7 - SUBJECT ADDED ENTRY--TOPICAL TERM
Topical term or geographic name entry element French language.
Source of heading or term fast
Authority record control number or standard number (OCoLC)fst00934333
650 #7 - SUBJECT ADDED ENTRY--TOPICAL TERM
Topical term or geographic name entry element French language
General subdivision Grammar.
Source of heading or term fast
Authority record control number or standard number (OCoLC)fst00934446
655 #4 - INDEX TERM--GENRE/FORM
Genre/form data or focus term for English speakers.
655 #7 - INDEX TERM--GENRE/FORM
Genre/form data or focus term Textbooks.
Source of term fast
Authority record control number or standard number (OCoLC)fst01423863
655 #7 - INDEX TERM--GENRE/FORM
Genre/form data or focus term Programmed instructional materials.
Source of term fast
Authority record control number or standard number (OCoLC)fst01423785
655 #7 - INDEX TERM--GENRE/FORM
Genre/form data or focus term Problems and exercises.
Source of term fast
Authority record control number or standard number (OCoLC)fst01423783
655 #7 - INDEX TERM--GENRE/FORM
Genre/form data or focus term Self-instruction.
Source of term fast
Authority record control number or standard number (OCoLC)fst01423884
655 #7 - INDEX TERM--GENRE/FORM
Genre/form data or focus term Textbooks
Form subdivision for English speakers.
Source of term fast
Authority record control number or standard number (OCoLC)fst01423865
655 #7 - INDEX TERM--GENRE/FORM
Genre/form data or focus term Problems and exercises.
Source of term lcgft
655 #7 - INDEX TERM--GENRE/FORM
Genre/form data or focus term Programmed instructional materials.
Source of term lcgft
655 #7 - INDEX TERM--GENRE/FORM
Genre/form data or focus term Textbooks.
Source of term lcgft
906 ## - LOCAL DATA ELEMENT F, LDF (RLIN)
a 7
b cbc
c copycat
d 2
e ncip
f 20
g y-gencatlg
942 ## - ADDED ENTRY ELEMENTS (KOHA)
Source of classification or shelving scheme
Koha item type Books - Non Ficton
Holdings
Withdrawn status Lost status Source of classification or shelving scheme Damaged status Not for loan Collection code Permanent Location Current Location Shelving location Date acquired Total Checkouts Full call number Barcode Date last seen Date last checked out Price effective from Koha item type
          Non-Fiction KH8 Senior School Library KH8 Senior School Library Non Fiction 2019-08-05 1 448.2 KUR 3KHSL000101048 2024-05-16 2024-02-01 2019-08-05 Books - Non Ficton
          Teaching Resources KH8 Senior School Library KH8 Senior School Library Staff Office 2023-10-19   448.2 KUR TRKHSL004079 2023-10-19   2023-10-19 Teaching Resources
          Teaching Resources KH8 Senior School Library KH8 Senior School Library Staff Office 2023-10-19   448.2 KUR TRKHSL004080 2023-10-19   2023-10-19 Teaching Resources

Powered By KH8 IT Dept